000 00635nam a2200229 a 4500
001 000022887
005 20260513160823.0
008 101122s1999 sp 000 f spa d
020 _a8420430951
040 _aDO-SdBNP
_bspa
_cBNPHU
082 _a863.64
_bM333d, 1999
100 1 _aMarías, Javier,
_d1951-
_917831
245 1 4 _aLos dominios del lobo /
_cJavier Marías.
250 _a2a ed.
260 _aMadrid :
_bAlfaguara,
_c1999.
300 _a338, [6] p. ;
_c22 cm.
650 4 _aNovela española
_91123
650 4 _aLiteratura española
_9632
650 0 _aHistorias de aventuras
_922460
910 _aWM
049 _aBNGR
999 _c22384
_d22384